00668nam a2200229Ia 4500003000900000008004100009040001300050040001300063041000800076100002000084245003300104250001200137260001200149260000900161300001100170300001000181490001800191490000700209942000700216999001700223952019800240IT-RoPAU120407s9999 xx 000 0 und d aIT-RoPAU cIT-RoPAU aita aGerhard Lohfink aLa conversione di San Paolo. aBrescia aPaideia c1969 a116 p. c21 cm aStudi Biblici v14 cBK c24549d24549 00102ddc406222_74000000000000071aPAULUSbPAULUSd2012-04-11l0o222.74r2012-04-11 00:00:00w2012-04-11yBKzInserito da: Jole In data: 12 settembre 2011 fondo: Via A.Severo 56 Progr:18906